| 000 | 00460nam a2200157Ia 4500 | ||
|---|---|---|---|
| 008 | 230312s9999||||xx |||||||||||||| ||und|| | ||
| 020 | _a81-8147-600-x | ||
| 082 |
_a621.392 _bASH-S |
||
| 100 | _aAshenden,Peter.J | ||
| 245 | 0 | _aSystem Designer's Guide to VHDL-AMS | |
| 260 |
_bMorgan Kaufmann Publishers _aIndia _c2005 |
||
| 300 | _a880 | ||
| 546 | _aEng. | ||
| 650 |
_aEngineering _vFundamental Concepts,Scalar Data Types, Natures and Operations |
||
| 942 | _cBK | ||
| 999 |
_c1152 _d1152 |
||